000 00533nam a22002177a 4500
003 UA-OsUOA
001 37373
007 ta
008 20070121b un ||||| |||| 00| 0 ukr d
090 _a082
_bН34
942 _cBK
040 _aUA-OsUOA
_beng
_cUA-OsUOA
_dUA-OsUOA
245 _aНаукові записки
_bТ. X (XIII)
300 _a45 с.
955 _a1
041 _aeng
080 _a082
260 _aМюнхен
_c1966
650 7 _a08 Видання. Колективні праці
_2UDC
999 _c435894
_d435894